Online katalóg knižníc regiónu Turca

Lekári (Record no. 22283)

MARC details
000 -LEADER
fixed length control field 01346nam a2200385 a 4500
001 - CONTROL NUMBER
control field 22283
003 - CONTROL NUMBER IDENTIFIER
control field VRT
005 - DATE AND TIME OF LATEST TRANSACTION
control field 20260325093656.0
008 - FIXED-LENGTH DATA ELEMENTS--GENERAL INFORMATION
fixed length control field 250414s1992 xo 0 slo
015 ## - NATIONAL BIBLIOGRAPHY NUMBER
National bibliography number SNBA1992/06
020 ## - INTERNATIONAL STANDARD BOOK NUMBER
International Standard Book Number 8022003433
035 ## - SYSTEM CONTROL NUMBER
System control number SNK000011020
039 #9 - LEVEL OF BIBLIOGRAPHIC CONTROL AND CODING DETAIL [OBSOLETE]
Level of rules in bibliographic description 202504141424
Level of effort used to assign nonsubject heading access points VLOAD
Level of effort used to assign subject headings 202408021228
Level of effort used to assign classification AUTHORITY
Level of effort used to assign subject headings 202408021227
Level of effort used to assign classification AUTHORITY
Level of effort used to assign subject headings 202406012253
Level of effort used to assign classification AUTHORITY
040 ## - CATALOGING SOURCE
Original cataloging agency SNK
Language of cataloging slo
Transcribing agency SNK
Description conventions AACR2
041 1# - LANGUAGE CODE
Language code of text/sound track or separate title slo
Language code of original eng
044 ## - COUNTRY OF PUBLISHING/PRODUCING ENTITY CODE
MARC country code xo
ISO country code SK
080 ## - UNIVERSAL DECIMAL CLASSIFICATION NUMBER
Universal Decimal Classification number 821.111(73)-31=162.4
Edition identifier 2001
100 1# - MAIN ENTRY--PERSONAL NAME
Personal name Segal, Erich,
Dates associated with a name 1937-2010
Relationship aut
245 10 - TITLE STATEMENT
Title Lekári
Statement of responsibility, etc. Erich Segal ; Dušan Slobodník, Ivica Chorvátová, Jozef Pernecký
250 ## - EDITION STATEMENT
Edition statement 1. vyd.
260 ## - PUBLICATION, DISTRIBUTION, ETC.
Place of publication, distribution, etc. Bratislava
Name of publisher, distributor, etc. Slovenský spisovateľ
Date of publication, distribution, etc. 1992
Place of manufacture Bratislava
Manufacturer Danubiaprint
300 ## - PHYSICAL DESCRIPTION
Extent 527 s.
Dimensions 21 cm
490 0# - SERIES STATEMENT
Series statement SPKK
Volume/sequential designation Zv. 541.
655 #7 - INDEX TERM--GENRE/FORM
Genre/form data or focus term americké romány
Source of term SNKPH
700 1# - ADDED ENTRY--PERSONAL NAME
Personal name Slobodník, Dušan,
Dates associated with a name 1927-2001
Relationship trl
700 1# - ADDED ENTRY--PERSONAL NAME
Personal name Chorvátová, Ivica
Relationship trl
700 1# - ADDED ENTRY--PERSONAL NAME
Personal name Pernecký, Jozef
Relationship bkd
942 ## - ADDED ENTRY ELEMENTS (KOHA)
Source of classification or shelving scheme Dewey Decimal Classification
Koha item type Krásna literatúra pre dospelých
Suppress in OPAC No
949 ## - LOCAL PROCESSING INFORMATION (OCLC)
6 3869A09714
a bpksh821.111(73)-31
b bpksh53727
949 ## - LOCAL PROCESSING INFORMATION (OCLC)
6 3869A10044
a bpksh821.111(73)-31
b bpksh55539
949 ## - LOCAL PROCESSING INFORMATION (OCLC)
6 270001000065579
a svkbbA 79242
b svkbbm 567697
949 ## - LOCAL PROCESSING INFORMATION (OCLC)
6 273K0185938
a svkpoA 155224
b svkpo382525
o PV 2926/92
Holdings
Stav vyradenia Strata Poškodenie Spôsob nadobudnutia Domovská knižnica Aktuálna knižnica Dátum nadobudnutia Total checkouts Čiarový kód exemplára Date last seen Typ exemplára
      Dar Obecná knižnica Turčianska Štiavnička Obecná knižnica Turčianska Štiavnička 25.03.2026   4738000715 25.03.2026 Krásna literatúra pre dospelých
Projekt je podporený Slovenskou asociáciou knižníc
Prevádzkuje Turčianska knižnica Martin 2026